01064nam a22001457a 4500008004100000020001800041082001800059100003600077110004300113245007400156260006100230300003200291505049800323650009700821180803b xxu||||| |||| 00| 0 eng d a9783000596131 a700.74bB588b aNgcobo, Gabi et al. (Curadores) aKUNST-WERKE BERLIN e. V. (Organizador) a10th Berlin Biennale for Contemporary Art: We Don't Need Another Hero aGermanyb10th Berlin Biennale for Contemporary Artc2018 a296 p.bill (col).c14.7 cm tIndex of ArtiststMapstExhibition VenuestTickets and PricestTourstMediation ProgramtI'M NOT WHO YOU THINK I'M NOT Public ProgramtI'M NOT WHO YOU THINK I'M NOT A MANIFESTOrNgcobo, Gabi et al.tDEAR HISTORY, WE DON'T NEED ANOTHER HEROrNgcobo, GabitAkademie der KünstetHAU Hebbel am Ufer (HAU2)tKW Institute for Contemporary ArttVolksbühne PaviliontZK/U - Center for Art and UrbanisticstList of WorkstImage CreditstLenderstSupporttTeam 10th Berlin BiennaletThankstColophon 2Arte ContemporaneoxArte - exhibicionesxArte - bienalesxArte - festivaleszArte - Berlín